[Event "Titled Tuesday intern op 13th Feb Early"]
[Site "Chess.com INT"]
[Date "2024.02.13"]
[Round "11"]
[White "Perez, Maximiliano"]
[Black "Kopczynski, Michal"]
[Result "0-1"]
[WhiteElo "2374"]
[BlackElo "2225"]
[PlyCount "68"]
[EventDate "2024.02.13"]
[EventType "swiss (blitz)"]
[EventRounds "11"]
[EventCountry "USA"]
[SourceTitle "CB08_2024"]
[SourceDate "2024.02.21"]
[SourceVersion "1"]
[SourceVersionDate "2024.02.21"]
[SourceQuality "1"]

1. e4 b6 2. d4 Bb7 3. Bd3 e6 4. Qe2 Nf6 5. c3 d5 6. e5 Nfd7 7. f4 c5 8. Nf3 Nc6 9. a3 Qc7 10. 0-0 h6 11. b4 c4 12. Bc2 0-0-0 13. f5 exf5 14. Bxf5 Kb8 15. Bf4 Nf6 16. Nbd2 Nh5 17. Be3 g6 18. Bc2 f5 19. exf6 Nxf6 20. Ne5 Nxe5 21. dxe5 Ne4 22. Bxe4 dxe4 23. Bd4 Bg7 24. e6 Rxd4 25. cxd4 Bxd4+ 26. Kh1 Bxa1 27. Rxa1 Qe5 28. Rc1 c3 29. Nf3 Qf4 30. Rxc3 exf3 31. gxf3 Re8 32. e7 Qf6 33. Re3 Rxe7 34. Kg2 Qg5+ 0-1

[Event "Titled Tuesday intern op 13th Feb Early"]
[Site "Chess.com INT"]
[Date "2024.02.13"]
[Round "8"]
[White "Titarov, Vasilii"]
[Black "Perez, Maximiliano"]
[Result "0-1"]
[WhiteElo "2181"]
[BlackElo "2374"]
[PlyCount "76"]
[EventDate "2024.02.13"]
[EventType "swiss (blitz)"]
[EventRounds "11"]
[EventCountry "USA"]
[SourceTitle "CB08_2024"]
[SourceDate "2024.02.21"]
[SourceVersion "1"]
[SourceVersionDate "2024.02.21"]
[SourceQuality "1"]

1. Nf3 Nf6 2. g3 b5 3. Bg2 Bb7 4. 0-0 e6 5. a4 b4 6. c3 c5 7. d4 bxc3 8. bxc3 cxd4 9. cxd4 Be7 10. Nc3 0-0 11. Bf4 Nc6 12. d5 exd5 13. Nxd5 Nxd5 14. Qxd5 Na5 15. Qd3 Re8 16. Rfd1 Bf6 17. Rac1 Bc6 18. Nd4 Bxg2 19. Kxg2 Qb6 20. Nb5 Rac8 21. Rxc8 Rxc8 22. Be3 Qb8 23. Qxd7 Rd8 24. Qxa7 Qc8 25. Rxd8+ Qxd8 26. f3 Nc6 27. Qb6 Qe8 28. Nd6 Qd7 29. Ne4 Bd8 30. Qc5 h6 31. Qd6 Qc8 32. Qc5 Qd7 33. Qd6 Qe8 34. Kf2 Ne5 35. Qd5 Nc6 36. Nd6 Qd7 37. Qc5 Be7 38. Bf4 g5 0-1

[Event "Titled Tuesday intern op 22nd Aug Early"]
[Site "Chess.com INT"]
[Date "2023.08.22"]
[Round "1"]
[White "Perez, Maximiliano"]
[Black "Vachier Lagrave, Maxime"]
[Result "0-1"]
[WhiteElo "2383"]
[BlackElo "2739"]
[PlyCount "114"]
[EventDate "2023.08.22"]
[EventType "swiss (blitz)"]
[EventRounds "11"]
[EventCountry "USA"]
[SourceTitle "EXT 2024"]
[Source "ChessBase"]
[SourceDate "2023.10.10"]
[SourceVersion "1"]
[SourceVersionDate "2023.10.10"]
[SourceQuality "1"]

1. e4 e5 2. Nf3 Nc6 3. Bc4 Bc5 4. 0-0 Nf6 5. d3 0-0 6. h3 d5 7. exd5 Nxd5 8. Nbd2 Nb6 9. Bb3 Kh8 10. Ne4 Be7 11. Neg5 Qe8 12. Re1 Bxg5 13. Nxg5 f6 14. Nf3 Be6 15. Bxe6 Qxe6 16. Bd2 Rad8 17. Bc3 Nd5 18. Qe2 Rfe8 19. Bd2 Qf7 20. Qe4 h6 21. Qh4 Nde7 22. Qg4 f5 23. Qh4 Ng6 24. Qh5 Kg8 25. Bc3 Qf6 26. g3 Re6 27. Re2 Rf8 28. Rae1 Ree8 29. d4 e4 30. d5 Nce5 31. Nxe5 Nxe5 32. Bxe5 Rxe5 33. c4 Kh7 34. f4 Re7 35. Rc2 Qb6+ 36. Kg2 Qa5 37. Rd1 Qxa2 38. c5 Qb3 39. Qe2 Rd8 40. Rc3 Qa4 41. g4 e3 42. Rf1 Rxd5 43. Rxe3 Rxe3 44. Qxe3 Qc2+ 45. Rf2 Qxc5 46. Qe6 Rd6 47. Qf7 Qd5+ 48. Qxd5 Rxd5 49. Re2 Rb5 50. Kg3 Rb3+ 51. Kh4 fxg4 52. hxg4 a5 53. Rc2 c6 54. g5 hxg5+ 55. fxg5 Kg6 56. Rc5 Rb4+ 57. Kg3 Rb5 0-1

[Event "Titled Tuesday intern op 01st Aug Early"]
[Site "Chess.com INT"]
[Date "2023.08.01"]
[Round "6"]
[White "Perez, Maximiliano"]
[Black "Topalov, Aleksandar"]
[Result "1-0"]
[WhiteElo "2383"]
[BlackElo "2233"]
[PlyCount "75"]
[EventDate "2023.08.01"]
[EventType "swiss (blitz)"]
[EventRounds "11"]
[EventCountry "USA"]
[SourceTitle "EXT 2024"]
[Source "ChessBase"]
[SourceDate "2023.10.10"]
[SourceVersion "1"]
[SourceVersionDate "2023.10.10"]
[SourceQuality "1"]

1. e4 e6 2. d3 c5 3. g3 Nc6 4. Bg2 Be7 5. f4 d5 6. e5 Nh6 7. Nf3 Nf5 8. 0-0 h5 9. c3 g6 10. Na3 Kf8 11. Nc2 b5 12. Ne3 Nxe3 13. Bxe3 a5 14. d4 cxd4 15. cxd4 Ba6 16. h3 b4 17. Rf2 Rc8 18. g4 hxg4 19. hxg4 Bh4 20. Rc2 Ne7 21. Rxc8 Qxc8 22. Rc1 Qb7 23. Nxh4 Rxh4 24. Kf2 Kg7 25. Kg3 Rh8 26. Qa4 Bb5 27. Qxa5 Nc6 28. Rxc6 Bxc6 29. Qc5 Ra8 30. f5 exf5 31. gxf5 gxf5 32. Qd6 Qd7 33. Qf6+ Kf8 34. Qh8+ Ke7 35. Bg5+ f6 36. Qxf6+ Ke8 37. Bf3 Qf7 38. Qxc6+ 1-0

[Event "Titled Tuesday intern op 01st Aug Late"]
[Site "Chess.com INT"]
[Date "2023.08.01"]
[Round "2"]
[White "Perez, Maximiliano"]
[Black "Vifleemskaia, Svetlana"]
[Result "0-1"]
[WhiteElo "2383"]
[BlackElo "1903"]
[PlyCount "88"]
[EventDate "2023.08.01"]
[EventType "swiss (blitz)"]
[EventRounds "11"]
[EventCountry "USA"]
[SourceTitle "EXT 2024"]
[Source "ChessBase"]
[SourceDate "2023.10.10"]
[SourceVersion "1"]
[SourceVersionDate "2023.10.10"]
[SourceQuality "1"]

1. e4 e5 2. Nf3 Nc6 3. Bc4 Nf6 4. d3 Be7 5. 0-0 0-0 6. Re1 d5 7. exd5 Nxd5 8. Nxe5 Nxe5 9. Rxe5 Nb6 10. Bb3 Bd6 11. Re1 Qh4 12. g3 Qh3 13. Qf3 Bg4 14. Qg2 Qh5 15. Be3 c6 16. Nd2 Rfe8 17. f3 Bh3 18. Qf2 Nd5 19. Ne4 Bc7 20. d4 Rad8 21. c3 Kh8 22. Bd2 h6 23. Nc5 b6 24. Nd3 Bf5 25. Rxe8+ Rxe8 26. Re1 Rxe1+ 27. Nxe1 f6 28. g4 Qg6 29. Ng2 Bd7 30. Qe2 Qb1+ 31. Be1 Bd6 32. c4 Nf4 33. Nxf4 Bxf4 34. Qe7 Bd2 35. Kf2 Bxe1+ 36. Qxe1 Qxb2+ 37. Ke3 Be6 38. Kd3 Bf7 39. d5 Bg6+ 40. Ke3 c5 41. Kf4 Qd4+ 42. Kg3 h5 43. h3 Kh7 44. Qe6 Qd3 0-1

[Event "Titled Tuesday intern op 01st Aug Early"]
[Site "Chess.com INT"]
[Date "2023.08.01"]
[Round "5"]
[White "Silva, Pedro Gil Ferreira"]
[Black "Perez, Maximiliano"]
[Result "0-1"]
[WhiteElo "2212"]
[BlackElo "2383"]
[PlyCount "52"]
[EventDate "2023.08.01"]
[EventType "swiss (blitz)"]
[EventRounds "11"]
[EventCountry "USA"]
[SourceTitle "EXT 2024"]
[Source "ChessBase"]
[SourceDate "2023.10.10"]
[SourceVersion "1"]
[SourceVersionDate "2023.10.10"]
[SourceQuality "1"]

1. e4 c5 2. Nf3 Nc6 3. Bb5 g6 4. 0-0 Bg7 5. c3 Nf6 6. d4 d5 7. exd5 Qxd5 8. c4 Qd6 9. d5 a6 10. Ba4 b5 11. dxc6 bxa4 12. Qxd6 exd6 13. Re1+ Be6 14. Ng5 Ke7 15. Nc3 h6 16. Nxe6 fxe6 17. Nd5+ Kf7 18. Nc7 Ra7 19. Nxe6 Re7 20. Bf4 Rxe6 21. Rxe6 Kxe6 22. Re1+ Kf7 23. Bxd6 Bf8 24. Be5 Be7 25. f4 Rc8 26. c7 Ng4 0-1

[Event "Titled Tuesday intern op 27th Jun Early"]
[Site "Chess.com INT"]
[Date "2023.06.27"]
[Round "9"]
[White "Perez, Maximiliano"]
[Black "Dinu, Dumitru Daniel"]
[Result "0-1"]
[WhiteElo "2396"]
[BlackElo "2203"]
[PlyCount "88"]
[EventDate "2023.06.27"]
[EventType "swiss (blitz)"]
[EventRounds "11"]
[EventCountry "USA"]
[SourceTitle "EXT 2024"]
[Source "ChessBase"]
[SourceDate "2023.10.10"]
[SourceVersion "1"]
[SourceVersionDate "2023.10.10"]
[SourceQuality "1"]

1. e4 c5 2. Nf3 Nc6 3. d4 cxd4 4. Nxd4 Nf6 5. Nc3 e5 6. Ndb5 d6 7. Nd5 Nxd5 8. exd5 Nb8 9. a4 Be7 10. Be2 0-0 11. 0-0 f5 12. a5 a6 13. Nc3 Nd7 14. b4 Bf6 15. Ra3 e4 16. Bf4 Ne5 17. Na4 Ng6 18. Bc1 f4 19. Nb6 Rb8 20. f3 e3 21. c4 Be5 22. c5 Bf5 23. c6 bxc6 24. dxc6 Rxb6 25. axb6 Qxb6 26. Rxa6 Qxb4 27. Ba3 Qc3 28. Bxd6 Rc8 29. Qd5+ Kh8 30. Bxe5 Nxe5 31. Ra5 Bd3 32. Rc5 Qd2 33. c7 h5 34. Qd8+ Kh7 35. Rxe5 Qxe2 36. Rxh5+ Kg6 37. Rg5+ Kh6 38. Ra1 Qf2+ 39. Kh1 e2 40. Qd6+ Kxg5 41. Qe5+ Bf5 42. Rg1 Rxc7 43. g3 Qxf3+ 44. Rg2 Rc1# 0-1

[Event "Titled Tuesday intern op 27th Jun Early"]
[Site "Chess.com INT"]
[Date "2023.06.27"]
[Round "6"]
[White "Perez, Maximiliano"]
[Black "Romero Ruscalleda, Josep"]
[Result "1-0"]
[WhiteElo "2396"]
[BlackElo "2160"]
[PlyCount "97"]
[EventDate "2023.06.27"]
[EventType "swiss (blitz)"]
[EventRounds "11"]
[EventCountry "USA"]
[SourceTitle "EXT 2024"]
[Source "ChessBase"]
[SourceDate "2023.10.10"]
[SourceVersion "1"]
[SourceVersionDate "2023.10.10"]
[SourceQuality "1"]

1. e4 g6 2. d4 Bg7 3. Nc3 d6 4. Be3 a6 5. h4 h5 6. Nh3 Bxh3 7. Rxh3 b5 8. Qd2 Nd7 9. a4 b4 10. Nd5 a5 11. c3 bxc3 12. bxc3 Ngf6 13. Nxf6+ Nxf6 14. f3 0-0 15. Bb5 Qc8 16. Kf2 c6 17. Bd3 Rb8 18. Rhh1 Nd7 19. Rhb1 Qc7 20. c4 c5 21. Be2 cxd4 22. Bxd4 Bxd4+ 23. Qxd4 Qc5 24. Qxc5 Nxc5 25. Rb5 Rxb5 26. axb5 a4 27. Bd1 Ra8 28. Ra3 Kf8 29. Ke3 Kg7 30. Kd4 Kf6 31. g3 g5 32. hxg5+ Kxg5 33. f4+ Kg6 34. Bc2 Kh6 35. Kd5 Rc8 36. Ra2 Rg8 37. Ra3 Rc8 38. e5 dxe5 39. fxe5 e6+ 40. Kd4 Kg5 41. Bxa4 Nd7 42. Bc2 f6 43. exf6 Kxf6 44. Ra7 e5+ 45. Kc3 Nb6 46. Ra6 Rxc4+ 47. Kb3 Rg4 48. Rxb6+ Kg5 49. Rg6# 1-0

[Event "Titled Tuesday intern op 27th Jun Late"]
[Site "Chess.com INT"]
[Date "2023.06.27"]
[Round "11"]
[White "Perez, Maximiliano"]
[Black "Veiga, Jose Francisco RP"]
[Result "0-1"]
[WhiteElo "2396"]
[BlackElo "2409"]
[PlyCount "80"]
[EventDate "2023.06.27"]
[EventType "swiss (blitz)"]
[EventRounds "11"]
[EventCountry "USA"]
[SourceTitle "EXT 2024"]
[Source "ChessBase"]
[SourceDate "2023.10.10"]
[SourceVersion "1"]
[SourceVersionDate "2023.10.10"]
[SourceQuality "1"]

1. e4 Nc6 2. Nf3 d6 3. d4 Nf6 4. Nc3 g6 5. d5 Nb8 6. h3 Bg7 7. Be2 0-0 8. 0-0 a5 9. a4 c6 10. Re1 Na6 11. Bf1 Nb4 12. Bg5 Qc7 13. Qd2 e6 14. dxe6 Bxe6 15. Rad1 d5 16. Bf4 Qb6 17. e5 Nd7 18. Nd4 Rae8 19. Bg3 Nc5 20. Kh2 Bc8 21. f4 f6 22. exf6 Bxf6 23. Rxe8 Rxe8 24. Nf3 Ne4 25. Nxe4 dxe4 26. Ne5 Bf5 27. Bc4+ Kg7 28. Nd7 Bxd7 29. Qxd7+ Re7 30. Qc8 Nd5 31. Rxd5 cxd5 32. Bxd5 Qd6 33. Qg8+ Kh6 34. c4 Rg7 35. Qc8 e3 36. Qg4 Re7 37. f5 Be5 38. Qh4+ Kg7 39. f6+ Qxf6 40. Bxe5 Qxe5+ 0-1

[Event "Titled Tuesday intern op 27th Jun Late"]
[Site "Chess.com INT"]
[Date "2023.06.27"]
[Round "5"]
[White "Perez, Maximiliano"]
[Black "Villa Tornero, Alex"]
[Result "1-0"]
[WhiteElo "2396"]
[BlackElo "2216"]
[PlyCount "137"]
[EventDate "2023.06.27"]
[EventType "swiss (blitz)"]
[EventRounds "11"]
[EventCountry "USA"]
[SourceTitle "EXT 2024"]
[Source "ChessBase"]
[SourceDate "2023.10.10"]
[SourceVersion "1"]
[SourceVersionDate "2023.10.10"]
[SourceQuality "1"]

1. e4 Nf6 2. e5 Nd5 3. d4 d6 4. c4 Nb6 5. exd6 cxd6 6. Nc3 g6 7. Be3 Bg7 8. Rc1 0-0 9. b3 e5 10. Nf3 Nc6 11. Be2 Bg4 12. dxe5 dxe5 13. Qxd8 Rfxd8 14. 0-0 h6 15. Nb5 f5 16. h3 Bxf3 17. Bxf3 e4 18. Be2 Nd7 19. Rfd1 Nde5 20. Nc7 Rac8 21. Ne6 Rxd1+ 22. Rxd1 Bf6 23. Bxh6 Kf7 24. Ng5+ Ke7 25. Nh7 Bh8 26. Be3 Rd8 27. Bg5+ Ke8 28. Bxd8 Nxd8 29. Ng5 Bf6 30. h4 Ke7 31. b4 Ndc6 32. a3 a5 33. b5 Nd8 34. c5 Bxg5 35. hxg5 Ne6 36. Rd5 Nd7 37. c6 bxc6 38. bxc6 Nb6 39. Rb5 Nc8 40. Rb7+ Kd6 41. Bb5 Nc7 42. Ba4 Ne7 43. Kf1 f4 44. Rb8 Nxc6 45. Rb6 Nd5 46. Rxc6+ Ke5 47. Rc5 Kd4 48. Rxa5 Nc3 49. Ra8 e3 50. Rd8+ Ke4 51. Bc2+ Ke5 52. Ke1 e2 53. Rd3 Ne4 54. Kxe2 f3+ 55. Rxf3 Nc5 56. Rc3 Kd4 57. Rxc5 Kxc5 58. Bxg6 Kd4 59. Bd3 Ke5 60. g6 Kf6 61. a4 Kg7 62. a5 Kh6 63. a6 Kh5 64. a7 Kg5 65. a8Q Kh6 66. Qh8+ Kg5 67. f4+ Kg4 68. g7 Kxf4 69. Qh4+ 1-0

[Event "Titled Tuesday intern op 20th Jun Late"]
[Site "Chess.com INT"]
[Date "2023.06.20"]
[Round "11"]
[White "Martinez, Ayelen"]
[Black "Perez, Maximiliano"]
[Result "0-1"]
[WhiteElo "2099"]
[BlackElo "2396"]
[PlyCount "44"]
[EventDate "2023.06.20"]
[EventType "swiss (blitz)"]
[EventRounds "11"]
[EventCountry "USA"]
[SourceTitle "EXT 2024"]
[Source "ChessBase"]
[SourceDate "2023.10.10"]
[SourceVersion "1"]
[SourceVersionDate "2023.10.10"]
[SourceQuality "1"]

1. e4 g6 2. d4 Bg7 3. Nf3 d6 4. Nc3 a6 5. Be3 b5 6. Bd3 Bb7 7. Ne2 Nd7 8. c3 Ngf6 9. Ng3 Ng4 10. Bg5 h6 11. Bc1 c5 12. h3 Ngf6 13. Be3 e5 14. Qd2 cxd4 15. cxd4 exd4 16. Bxd4 0-0 17. 0-0 Nc5 18. e5 Nh7 19. Bxc5 dxc5 20. e6 Bxf3 21. exf7+ Rxf7 22. gxf3 c4 0-1

[Event "Titled Tuesday intern op 20th Jun Late"]
[Site "Chess.com INT"]
[Date "2023.06.20"]
[Round "4"]
[White "Perez, Maximiliano"]
[Black "Baskakov, Egor"]
[Result "0-1"]
[WhiteElo "2396"]
[BlackElo "2215"]
[PlyCount "94"]
[EventDate "2023.06.20"]
[EventType "swiss (blitz)"]
[EventRounds "11"]
[EventCountry "USA"]
[SourceTitle "EXT 2024"]
[Source "ChessBase"]
[SourceDate "2023.10.10"]
[SourceVersion "1"]
[SourceVersionDate "2023.10.10"]
[SourceQuality "1"]

1. e4 c5 2. Nf3 Nf6 3. e5 Nd5 4. Nc3 e6 5. Nxd5 exd5 6. c4 d4 7. Bd3 d6 8. 0-0 Nc6 9. Re1 Be7 10. exd6 Qxd6 11. Be4 0-0 12. d3 h6 13. Bxc6 bxc6 14. h3 Bf5 15. Bf4 Qxf4 16. Rxe7 Rfe8 17. Re2 Rab8 18. b3 Kf8 19. g3 Qd6 20. Kg2 Qf6 21. g4 Rxe2 22. Qxe2 Re8 23. Qd2 Bd7 24. Re1 g5 25. Rxe8+ Bxe8 26. Qa5 Qe7 27. a3 f6 28. b4 cxb4 29. axb4 Bg6 30. Nxd4 Bxd3 31. Qa1 Bxc4 32. Nf5 Bd5+ 33. Kg1 Qe6 34. Nxh6 Qe4 35. Qxf6+ Ke8 36. Qh8+ Kd7 37. Kf1 Bc4+ 38. Kg1 Qe1+ 39. Kg2 Bd5+ 40. f3 Qe2+ 41. Kg1 Qxf3 42. Qg7+ Kc8 43. Qh8+ Kb7 44. Qg7+ Kb6 45. Qd4+ Kb5 46. Qc5+ Ka4 47. Qa5+ Kb3 0-1

[Event "Titled Tuesday intern op 20th Jun Late"]
[Site "Chess.com INT"]
[Date "2023.06.20"]
[Round "10"]
[White "Romero Ruscalleda, Josep"]
[Black "Perez, Maximiliano"]
[Result "1-0"]
[WhiteElo "2160"]
[BlackElo "2396"]
[PlyCount "89"]
[EventDate "2023.06.20"]
[EventType "swiss (blitz)"]
[EventRounds "11"]
[EventCountry "USA"]
[SourceTitle "EXT 2024"]
[Source "ChessBase"]
[SourceDate "2023.10.10"]
[SourceVersion "1"]
[SourceVersionDate "2023.10.10"]
[SourceQuality "1"]

1. e4 a6 2. d4 Ra7 3. Bd3 b6 4. Nf3 d6 5. 0-0 g6 6. Qe2 Bg7 7. e5 c5 8. c3 Bg4 9. Re1 dxe5 10. dxe5 Nh6 11. h3 Bf5 12. Rd1 Bxd3 13. Rxd3 Qc8 14. Nbd2 Nc6 15. Ne4 0-0 16. Bf4 Kh8 17. Rad1 f6 18. exf6 exf6 19. Nd6 Qa8 20. Qe3 Re7 21. Qd2 Nf7 22. Nc4 b5 23. Ne3 g5 24. Bg3 Nfe5 25. Nxe5 Nxe5 26. Rd8 Qc6 27. Nf5 Ree8 28. Rxe8 Rxe8 29. Kh2 Qe4 30. Nd6 Qg6 31. Nxe8 Qxe8 32. Qd8 Qf8 33. Qxf8+ Bxf8 34. Bxe5 fxe5 35. Rd8 Kg7 36. Ra8 b4 37. Rxa6 bxc3 38. bxc3 Kf7 39. Rb6 Bg7 40. a4 e4 41. c4 Bd4 42. a5 Bxf2 43. a6 e3 44. a7 e2 45. Rb1 1-0

[Event "Titled Tuesday intern op 20th Jun Late"]
[Site "Chess.com INT"]
[Date "2023.06.20"]
[Round "7"]
[White "Sivakumar, Shaaketh"]
[Black "Perez, Maximiliano"]
[Result "1-0"]
[WhiteElo "2337"]
[BlackElo "2396"]
[PlyCount "71"]
[EventDate "2023.06.20"]
[EventType "swiss (blitz)"]
[EventRounds "11"]
[EventCountry "USA"]
[SourceTitle "EXT 2024"]
[Source "ChessBase"]
[SourceDate "2023.10.10"]
[SourceVersion "1"]
[SourceVersionDate "2023.10.10"]
[SourceQuality "1"]

1. b3 Nf6 2. Bb2 e6 3. e3 b6 4. Nf3 Bb7 5. Be2 Be7 6. 0-0 0-0 7. c4 d5 8. Nc3 c5 9. cxd5 Nxd5 10. d4 Nc6 11. Nxd5 Qxd5 12. dxc5 Qxd1 13. Rfxd1 Bxc5 14. Rd7 Rab8 15. Ne5 Rfd8 16. Rad1 Rxd7 17. Rxd7 f6 18. Nxc6 Bxc6 19. Rxa7 Rd8 20. Bc3 Be4 21. b4 Bf8 22. f3 Bb1 23. Bc4 Rd6 24. b5 h5 25. Kf2 Kh7 26. Bxf6 Rd2+ 27. Kg3 Bd6+ 28. f4 Be4 29. Rxg7+ Kh6 30. Kh3 Bf5+ 31. Kh4 Bg4 32. Rg5 Rxg2 33. Bd3 Rxh2+ 34. Kg3 Rh3+ 35. Kg2 Rf3 36. Bg7# 1-0

[Event "Titled Tuesday intern op 13th Jun Late"]
[Site "Chess.com INT"]
[Date "2023.06.13"]
[Round "8"]
[White "Aalto, Patrik"]
[Black "Perez, Maximiliano"]
[Result "0-1"]
[WhiteElo "2226"]
[BlackElo "2396"]
[PlyCount "93"]
[EventDate "2023.06.13"]
[EventType "swiss (blitz)"]
[EventRounds "11"]
[EventCountry "USA"]
[SourceTitle "EXT 2024"]
[Source "ChessBase"]
[SourceDate "2023.10.10"]
[SourceVersion "1"]
[SourceVersionDate "2023.10.10"]
[SourceQuality "1"]

1. d4 Nf6 2. Bg5 c5 3. d5 Qb6 4. Nc3 Qxb2 5. Bd2 Qb6 6. e4 d6 7. Rb1 Qd8 8. Nf3 g6 9. Bc4 Bg7 10. 0-0 0-0 11. a4 Nbd7 12. h3 Ne8 13. Qe2 Nc7 14. Rfe1 a6 15. a5 Ne5 16. Nxe5 Bxe5 17. Na4 Rb8 18. Nb6 Bd7 19. Qd3 Bb5 20. f4 Bd4+ 21. Kh2 Bxc4 22. Nxc4 Bg7 23. Bc3 Nb5 24. Bxg7 Kxg7 25. e5 dxe5 26. fxe5 Qd7 27. Rbd1 Rbd8 28. Nb6 Qf5 29. Qxf5 gxf5 30. Rf1 e6 31. c4 Nd4 32. Rf4 f6 33. exf6+ Kxf6 34. Rb1 e5 35. Rf2 e4 36. Na4 e3 37. Rfb2 Rfe8 38. Nxc5 e2 39. Re1 Re3 40. Rxb7 f4 41. Rb2 f3 42. Kg1 fxg2 43. Kxg2 Rg8+ 44. Kh2 Nf3+ 45. Kh1 Nxe1 46. Nd7+ Ke7 47. Rb7 0-1

[Event "Titled Tuesday intern op 13th Jun Late"]
[Site "Chess.com INT"]
[Date "2023.06.13"]
[Round "3"]
[White "Pap, Gyula"]
[Black "Perez, Maximiliano"]
[Result "1-0"]
[WhiteElo "2429"]
[BlackElo "2396"]
[PlyCount "58"]
[EventDate "2023.06.13"]
[EventType "swiss (blitz)"]
[EventRounds "11"]
[EventCountry "USA"]
[SourceTitle "EXT 2024"]
[Source "ChessBase"]
[SourceDate "2023.10.10"]
[SourceVersion "1"]
[SourceVersionDate "2023.10.10"]
[SourceQuality "1"]

1. d4 Nf6 2. c4 e6 3. Nc3 Bb4 4. Qb3 c5 5. dxc5 Na6 6. a3 Bxc3+ 7. Qxc3 Nxc5 8. b4 Nce4 9. Qb2 d5 10. c5 d4 11. e3 Ng4 12. Nh3 Qh4 13. Qxd4 f5 14. Qxg7 Rf8 15. g3 Qd8 16. f3 Rf7 17. Qb2 Qd5 18. fxe4 fxe4 19. Nf4 Qf5 20. Bh3 e5 21. 0-0 exf4 22. Rxf4 Qg6 23. Bxg4 Bxg4 24. Qh8+ Ke7 25. Qxa8 Rxf4 26. Qxb7+ Kf8 27. Qb8+ Kg7 28. Bb2+ Kh6 29. Qxf4+ Kh5 1-0